MDQL
is popping MORE tags! Check the
thread
!
Quizzes
Events
Quiz Creation
Community
Videos
Private Events
Remove Ads
Sign In
Join for FREE
Feedback
Dark Mode
Quiz Categories
Sports
Geography
Music
Movies
Television
Just For Fun
Miscellaneous
History
Literature
Language
Science
Gaming
Entertainment
Religion
Holiday
For Kids
Quiz Lab
Recent
Popular Today
Quiz Kudos Today
Editor Picks
Curator Picks
Quizzes by...
Day
Popularity
Type
Ratings
Length
Year
Community
Subscriptions
Recent Discussions
Orange Saloon
Badges
Playlists
Quests
Create
Leaderboards
Showdown
Live 5
Trivia Bingo
Activity
Puzzle Library
Sporcle Events
Private Events
Virtual Trivia
Globe League
Become a Host
Pub Owners
SporcleCon
Opinionation
Our Games
Videos
Blog
Mobile Apps
Partnerships
Remove Ads and Go Orange
Feedback
Sports
Athletes
MLB
NBA
NHL
NFL
Soccer
Sports Teams
WWE
NCAA
Football
Premier League
Basketball
Baseball
Hockey
Golf
Tennis
Cricket
Rugby
Auto Racing
Olympics
World Cup
Sports
Athletes
MLB
NBA
NHL
NFL
Soccer
Sports Teams
WWE
NCAA
Football
Premier League
Basketball
Baseball
Hockey
Golf
Tennis
Cricket
Rugby
Auto Racing
Olympics
World Cup
Random Quiz
Search Sporcle
×
Quiz Lab
Quiz Lab
Sports
Soccer
Type in answers that appear in a list
Type in answers that appear in a list
Classic
Best Score? Go Orange.
Former Football League clubs Stats
Can you name the Ex English Football League clubs no longer playing in the league ?
By
TeeCee
10m
50 Questions
631 Plays
631 Plays
631 Plays
Comments
Comments
Give Quiz Kudos
Give Quiz Kudos
-
- Ratings
hide this ad
Replay
Link that replays current quiz
Next Quiz
Link to next quiz in quiz playlist
You Got
0%
They Got
Avg Score
50%
Avg Friend Score
Upgrade to see
Score Distribution
Jump to the score distribution portion of the page
Score
0/50
Timer
10:00
0
Plays Today
Seasons
Club
% Correct
1892-
1908, 1909-
1911, 1912-
1920, 1921-
1987, 1988-
2011
LIncoln City
76.6%
1900-
1904, 1905-
2011
Stockport County
75.7%
1921-
2008
Wrexham
75.3%
1972-
1997, 2006-
2012
Hereford United
74.4%
1931-
2000, 2004-
2009
Chester City
73.7%
1921-
1989, 1990-
2010
Darlington
72.9%
1977-
2004
Wimbledon
72.9%
1892-
1910, 1911-
2010
Grimsby Town
71.2%
1888-
1893
Accrington
71%
1991-
2001, 2005-
2013
Barnet
71%
1897-
1900, 1920-
2009
Luton Town
69.9%
1997-
2012
Macclesfield Town
69.7%
1921-
1993, 1999-
2002
Halifax Town
69.4%
1932-
1992
Aldershot
68.8%
1970-
2005
Cambridge United
68.6%
1908-
1970
Bradford Park Avenue
67.2%
2000-
2005
Kidderminster Harriers
66.4%
2001-
2006
Rushden and Diamonds
65.9%
2002-
2007
Boston United
64.2%
1921-
1978
Southport
64%
1921-
1972
Barrow
62.9%
1987-
1999
Scarborough
62.1%
1989-
1992
Maidstone United
60.5%
1930-
1960
Gateshead
59.3%
1951-
1977
Workington
58.8%
Seasons
Club
% Correct
1905-
1919
Leeds City
53.8%
1898-
1915
Glossop North End
46%
1891-
1899
Darwen
45.8%
1921-
1962
Accrington Stanley
42.2%
1921-
1927
Aberdare Athletic
41.7%
1923-
1951
New Brighton
41.7%
2008-
2013
Aldershot Town
40.3%
1896-
1912
Gainsborough Trinity
40.3%
1920-
1930
Merthyr Town
39.6%
1930-
1932
Thames
38.8%
1892-
1901
Burton Swifts
36.6%
1901-
1907
Burton United
36.1%
1893-
1894
Middlesbrough Ironopolis
35%
1921-
1931
Nelson
34.1%
1892-
1894
Northwich Victoria
34.1%
1895-
1900
Loughborough
33.4%
1921-
1928
Durham City
31.9%
1921-
1923
Stalybridge Celtic
31.4%
1921-
1929
Ashington
31.1%
1892-
1893
Bootle
30.7%
1898-
1901
New Brighton Tower
29.6%
1894-
1897
Burton Wanderers
27.9%
1921-
1931
Wigan Borough
27.1%
1893-
1896
Rotherham Town
21.7%
1919-
1925
Rotherham County
21.2%
Quiz Playlist
Details
Report
Send in Message
Add To Playlist
Classic:
Type in answers that appear in a list
Last Updated: Feb 16, 2017
Quiz Scoreboard
CHALLENGE
Sign Up to Join the Scoreboard
Show All
Scores
Hide
Comments
May contain spoilers
Recently Published
Holiday 10x10 Sorting Gallery
by lukepisani3
Holiday
15m
Two Season TV Shows II
by 123Four
Television
10m
Image Sorting: Flags VI
by Barbecue
Geography
2m
More to Explore
Quiz From the Vault
Featured Blog Post
14 Easter Pick-up Lines to Find Eggs With
hide this ad
You Might Also Like...
Tags
Soccer Quiz
Football League
Former Football
Today's Top Quizzes in Sports
Browse Sports
hide this ad
Today's Top Quizzes in Soccer
Browse Soccer
Top Contributed Quizzes in Sports
1
Les meilleurs buteurs des matchs entre le PSG et l’OM
2
Les entraîneurs de l'OM et du PSG au 21e siècle
3
2022 World Cup Stars
4
Players with Multiple 50 Home Run Seasons
5
Les joueurs passés par le PSG et l'OM
6
FIFA Club World Cup Champions
7
Top 10 NHL Goal Scorers of All Time
8
Criteria MLB: Left Handed Sluggers
9
Les joueurs passés par le LOSC et le RC Lens
10
2023 MLB Unique Player Accomplishments
Explore More
Trending Topics
Marvel
Kpop
Disney
Crossword
NBA
Harry Potter
Anime
Soccer
Pokémon
Song
NFL
Puzzle
WWE
The Office
Country
hide this ad
More By:
TeeCee
Quiz
Plays
Rating
Category
Featured
Created
Shireless Cer. Counties of England
2,187
4.32
Geography
Oct 4, 2009
English Football Club Endings
1,893
4.22
Sports
Oct 12, 2009
Former Football League clubs
631
4.25
Sports
Dec 14, 2010
England internationals over 50 caps
209
5.00
Sports
Jul 27, 2010
Shrewsbury Players under Graham Turner
147
3.00
Sports
Sep 13, 2010
Go to Creator's Profile
Score Distribution
Quiz Creator Spotlight
TeeCee
Follow
Send a Message
Quizzes Created
-
Created Quiz Play Count
-
More By This Creator
Popular Quizzes Today
1
Find the US States - No Outlines Minefield
2
Colored Red Africa Blitz
3
Find the 'City' Movie
4
The Countries of the World
5
Find the US States
6
5x2 Blitz: Bands
7
Find the Countries of Europe - No Outlines Minefield
8
US States
More Sports Quizzes
Jordan Henderson's Cup Final XI's
Quiz Lab
Trending Quizzes
Colored Red Europe Blitz I
Colored Red Europe Blitz II
Colored Red Africa Blitz II
Colored Red Europe Blitz III
Colored Red Africa Blitz III
Recently Updated
Odd Team Out - Big 4 Players
pecheneg
Quick Pick: 20 Twenties
pecheneg
March Madness Men's Triple Doubles
pecheneg
How Do You Spell That?
pecheneg
Godzilla Movies
pecheneg
Grab Bag: 4-10 Letters
pecheneg
2024 March Madness Bracket
pecheneg
Famous TV Couples
Peacemaker
Champions League XIs: Real Madrid
pecheneg
Largest US Cities 1790-2010
pecheneg
Trending Topics
Anime
Harry Potter
Crossword
Kpop
Disney
Marvel
NBA
NFL
WWE
Soccer
Puzzle
Pokémon
Country
Song
The Office
Your Account Isn't Verified!
In order to create a playlist on Sporcle, you need to verify the email address you used during registration. Go to your
Sporcle Settings
to finish the process.
Report this User
Report this user for behavior that violates our
Community Guidelines
.
Details:
Send Report
Go to the Sporcle.com Mobile Site →
Comments